| 000 | 00841pam a2200301 a 4500 | ||
|---|---|---|---|
| 999 |
_c2025 _d2025 |
||
| 001 | 015991468 | ||
| 003 | Uk | ||
| 005 | 20230301083015.0 | ||
| 008 | 111206s2012 enka j 000|1 eng|d | ||
| 015 |
_aGBB1E2397 _2bnb |
||
| 016 | 7 |
_a015991468 _2Uk |
|
| 020 | _a9781405249256 (pbk.) : | ||
| 040 |
_aStDuBDS _beng _cStDuBDS _dUk _dKH8 |
||
| 042 | _aukblcatcopy | ||
| 082 | 0 | 4 |
_a823.92 HOW _223 |
| 100 | 1 |
_aHoward, Paul, _d1967- _eauthor |
|
| 245 | 1 | 0 |
_aBugville / _cwritten and illustrated by Paul Howard. |
| 260 |
_aLondon : _bEgmont, _c2012. |
||
| 300 |
_a145 p. : _bill. ; _c19 cm. |
||
| 336 |
_atext _2rdacontent |
||
| 337 |
_aunmediated _2rdamedia |
||
| 338 |
_avolume _2rdacarrier |
||
| 500 |
_aFormerly CIP. _5Uk |
||
| 655 | 0 | _aScience fiction. | |
| 655 | 0 | _aHumorous stories. | |
| 655 | 0 | _aChildren's stories. | |
| 942 |
_2ddc _cNFIC |
||